Chansons les plus streamées : Jean-Jacques Goldman - Statistiques

Statistiques générales
  • Ce quiz a été pris 295 fois
    262 depuis la dernière actualisation
  • Le résultat moyen est 5 sur 10
Statistiques - réponses
Nb de streams Chanson % Correct
51 000 000 Quand la musique est bonne
81%
68 500 000 Je te donne (avec Michael Jones)
78%
21 000 000 Envole-moi
76%
21 000 000 Là-bas (avec Sirima)
63%
33 500 000 Au bout de mes rêves
50%
26 500 000 À nos actes manqués (avec Carole Fredericks et Michael Jones)
44%
23 000 000 Il changeait la vie
37%
115 000 000 J'irai où tu iras (avec Céline Dion)
35%
19 500 000 Bonne idée
21%
34 500 000 4 mots sur un piano (avec Patrick Fiori et Christine Ricol)
15%
Aucun quiz correspondant
Distribution des résultats
% des personnes avec chaque résultat
Percentile par nombre de réponses
Votre historique - résultats
Vous n’avez pas pris ce quiz depuis la dernière actualisation